Hunger Games les tributs tome 1 et 2 - Statistiques

Statistiques générales
  • Ce quiz a été pris 251 fois
  • Le résultat moyen est 19 sur 29
Statistiques - réponses
Hint Réponse % Correct
Fille du 12 Katniss
99%
Fille du 12 Katniss
99%
Garçon du 12 Peeta
98%
Garçon du 12 Peeta
98%
Fille du 11 Rue
96%
Garçon du 2 Cato
92%
Garçon du 4 Finnick
92%
Fille du 2 Clove
90%
Fille du 1 Glimmer
84%
Fille du 4 Mags
84%
Garçon du 1 Marvel
81%
Garçon du 3 Beetee
80%
Fille du 7 Johanna
79%
Fille du 5 La Renarde
78%
Garçon du 11 Thresh
74%
Fille du 2 Enobaria
68%
Fille du 3 Wiress
64%
Garçon du 2 Brutus
63%
Fille du 1 Cashmere
57%
Garçon du 1 Gloss
56%
Garçon du 11 Chaff
41%
Fille du 11 Seeder
36%
Garçon du 6 Jason
33%
Fille du 8 Cecelia
32%
Garçon du 7 Blight
31%
Fille du 4 Marina
29%
Garçon du 8 Woof
28%
Garçon du 6 Drogué du six
9%
Fille du 6 Droguée du six
9%
Aucun quiz correspondant
Distribution des résultats
% des personnes avec chaque résultat
Percentile par nombre de réponses
Votre historique - résultats
Vous n’avez pas pris ce quiz